| 000 | 00422nam a2200157 a 4500 | ||
|---|---|---|---|
| 005 | 20140412111330.0 | ||
| 008 | 030116s19uu xx 00 eng d | ||
| 020 | _a983-148-100-3 | ||
| 050 |
_aER _bUGL |
||
| 245 | _aThe ugly duckling. | ||
| 260 |
_aManila, Philippines : _bKohwai & Young, _c[n.d.] |
||
| 300 | _a16 p. ; ill. | ||
| 440 | _aFavourite Fairy Tales Series | ||
| 650 | _aDucklings--Fiction | ||
| 999 |
_c104867 _d104867 |
||